[Event "FICGS W-ch st2 g03 email"]
[Site "FICGS email"]
[Date "2008.07.12"]
[Round "1"]
[White "Shulga, Yury"]
[Black "Kopasov, Evgeny Aleksandrovi"]
[Result "1/2-1/2"]
[WhiteElo "2335"]
[BlackElo "2266"]
[PlyCount "56"]
[EventDate "2008.??.??"]
[EventType "tourn (corr)"]
[EventRounds "8"]
[SourceTitle "Corr 2022"]
[Source "ChessBase"]
[SourceDate "2021.10.24"]
[SourceVersion "1"]
[SourceVersionDate "2021.10.24"]
[SourceQuality "1"]

1. d4 d5 2. c4 dxc4 3. Nf3 Nf6 4. e3 e6 5. Bxc4 c5 6. 0-0 a6 7. a4 Nc6 8. Qe2 Qc7 9. Nc3 Bd6 10. Rd1 0-0 11. h3 b6 12. d5 exd5 13. Nxd5 Nxd5 14. Bxd5 Bb7 15. e4 Rae8 16. Be3 Bc8 17. Qd2 Rd8 18. Qc3 Rfe8 19. Rac1 Be6 20. Bxc6 Qxc6 21. a5 bxa5 22. Qxa5 Be7 23. Re1 Qxe4 24. Bxc5 Qd5 25. Re5 Qc6 26. Qe1 Bxc5 27. Rcxc5 Qa8 28. Qe4 Qxe4 1/2-1/2

[Event "FICGS W-ch st2 g03 email"]
[Site "FICGS email"]
[Date "2008.07.12"]
[Round "1"]
[White "Shulga, Yury"]
[Black "Spyrydonov, Dmitry"]
[Result "1/2-1/2"]
[WhiteElo "2335"]
[BlackElo "2035"]
[PlyCount "54"]
[EventDate "2008.??.??"]
[EventType "tourn (corr)"]
[EventRounds "8"]
[SourceTitle "Corr 2022"]
[Source "ChessBase"]
[SourceDate "2021.10.24"]
[SourceVersion "1"]
[SourceVersionDate "2021.10.24"]
[SourceQuality "1"]

1. e4 c5 2. Nf3 d6 3. d4 cxd4 4. Nxd4 Nf6 5. Nc3 a6 6. Be3 e5 7. Nb3 Be6 8. Be2 Nbd7 9. 0-0 Be7 10. f4 exf4 11. Rxf4 0-0 12. Qe1 Ne5 13. Nd4 Rc8 14. Rd1 b5 15. a3 Qd7 16. Nf5 Rfe8 17. Nxe7+ Qxe7 18. Bd4 Bc4 19. Bxc4 Rxc4 20. Qd2 Qe6 21. Rdf1 Rec8 22. h3 Nfd7 23. b3 R4c6 24. R4f2 h6 25. Qe3 Kh7 26. Rc1 Nf6 27. Rcf1 Nfd7 1/2-1/2

[Event "FICGS W-ch st2 g03 email"]
[Site "FICGS email"]
[Date "2008.01.17"]
[Round "1"]
[White "Paulesu, Sebastiano"]
[Black "Shulga, Yury"]
[Result "1/2-1/2"]
[WhiteElo "2067"]
[BlackElo "2367"]
[PlyCount "55"]
[EventDate "2008.??.??"]
[EventType "tourn (corr)"]
[EventRounds "8"]
[SourceTitle "Corr 2022"]
[Source "ChessBase"]
[SourceDate "2021.10.24"]
[SourceVersion "1"]
[SourceVersionDate "2021.10.24"]
[SourceQuality "1"]

1. e4 c5 2. b4 cxb4 3. a3 d5 4. exd5 Qxd5 5. Bb2 e5 6. Nf3 Nc6 7. c4 Qe6 8. Bd3 Bc5 9. 0-0 f6 10. axb4 Bxb4 11. Nd4 exd4 12. Re1 Ne5 13. f4 Nh6 14. fxe5 0-0 15. Qb3 Bc5 16. Ba3 Bxa3 17. Be4 Kh8 18. Bd5 Qe8 19. Nxa3 fxe5 20. Qg3 Nf7 21. Nb5 Qe7 22. Bxf7 Qxf7 23. Rxe5 Bd7 24. Nd6 Qf6 25. Nxb7 d3 26. Nc5 Qf7 27. Qe3 Bc6 28. Ne6 1/2-1/2

[Event "FICGS W-ch st2 g03 email"]
[Site "FICGS email"]
[Date "2008.01.17"]
[Round "1"]
[White "Shulga, Yury"]
[Black "Larin, Igor"]
[Result "1-0"]
[WhiteElo "2367"]
[BlackElo "2152"]
[PlyCount "53"]
[EventDate "2008.??.??"]
[EventType "tourn (corr)"]
[EventRounds "8"]
[SourceTitle "Corr 2022"]
[Source "ChessBase"]
[SourceDate "2021.10.24"]
[SourceVersion "1"]
[SourceVersionDate "2021.10.24"]
[SourceQuality "1"]

1. d4 Nf6 2. c4 g6 3. Nc3 d5 4. cxd5 Nxd5 5. e4 Nxc3 6. bxc3 Bg7 7. Bc4 c5 8. Ne2 Nc6 9. Be3 0-0 10. 0-0 Qc7 11. Rc1 Rd8 12. Bf4 Qd7 13. d5 Na5 14. Bd3 b5 15. Rb1 a6 16. Qc1 Nb7 17. c4 b4 18. Bh6 Bxh6 19. Qxh6 e6 20. Rfe1 Qe7 21. Ng3 e5 22. f4 Rd6 23. Rf1 f5 24. fxe5 Qxe5 25. Rbe1 Qd4+ 26. Kh1 Qxd3 27. exf5 1-0

[Event "FICGS W-ch st1 gN 01 email"]
[Site "FICGS email"]
[Date "2008.01.08"]
[Round "1"]
[White "Shulga, Yury"]
[Black "Sammut, Ronald"]
[Result "1/2-1/2"]
[WhiteElo "2367"]
[BlackElo "2313"]
[PlyCount "180"]
[EventDate "2008.??.??"]
[EventType "tourn (corr)"]
[EventRounds "6"]
[SourceTitle "Corr 2022"]
[Source "ChessBase"]
[SourceDate "2021.10.24"]
[SourceVersion "1"]
[SourceVersionDate "2021.10.24"]
[SourceQuality "1"]

1. d4 Nf6 2. c4 e6 3. Nf3 b6 4. Nc3 Bb7 5. Bg5 h6 6. Bh4 Be7 7. e3 Ne4 8. Bxe7 Qxe7 9. Nxe4 Bxe4 10. Nd2 Bb7 11. Be2 0-0 12. 0-0 c5 13. Bf3 d6 14. Bxb7 Qxb7 15. Rc1 Nd7 16. Qc2 cxd4 17. exd4 d5 18. b3 Rac8 19. Rfe1 Rfd8 20. Qb2 dxc4 21. bxc4 Qa6 22. Re3 Nf8 23. Rg3 Ng6 24. Ra3 Qb7 25. g3 Ne7 26. Rd3 Nf5 27. Nb3 b5 28. c5 Rd5 29. Qd2 Ne7 30. Rd1 Rcd8 31. f4 b4 32. a3 bxa3 33. Qa5 Nc6 34. Qxa3 Qb5 35. Qc1 a5 36. Qc3 f6 37. R3d2 a4 38. Na1 Kh7 39. Kf2 e5 40. dxe5 Rxc5 41. Qe3 Rxd2+ 42. Rxd2 fxe5 43. Nc2 Kg8 44. Qe4 Qa5 45. Rd7 Qb6 46. Ne3 Qb2+ 47. Kf3 Qxh2 48. Qxa4 Qh1+ 49. Kf2 e4 50. Qb3+ Kh8 51. Nf1 Rc1 52. Rd1 Nd4 53. Qb8+ Kh7 54. Rxc1 Qf3+ 55. Kg1 Ne2+ 56. Kh2 Qh5+ 57. Kg2 Nxc1 58. Nh2 Nd3 59. Qc8 Qd5 60. Kg1 Qd4+ 61. Kh1 Qa1+ 62. Kg2 Qb2+ 63. Kh1 Qb1+ 64. Kg2 Qa2+ 65. Kh1 Qa5 66. Nf1 Qh5+ 67. Kg1 Qg6 68. Kh2 Qf7 69. Kg1 h5 70. Ne3 Nxf4 71. gxf4 Qxf4 72. Qf5+ Qxf5 73. Nxf5 Kg6 74. Nd6 e3 75. Nc4 e2 76. Kf2 e1Q+ 77. Kxe1 Kg5 78. Kf2 Kf4 79. Ne3 h4 80. Nd5+ Ke4 81. Nc3+ Kf5 82. Kg2 Kg4 83. Ne4 Kf4 84. Nf2 Kf5 85. Kh3 Kg5 86. Ng4 Kh5 87. Ne5 g5 88. Ng4 Kg6 89. Ne3 Kf6 90. Kg4 Ke5 1/2-1/2

[Event "FICGS W-ch st1 gN 01 email"]
[Site "FICGS email"]
[Date "2007.07.11"]
[Round "1"]
[White "Helmer, Janos"]
[Black "Shulga, Yury"]
[Result "1/2-1/2"]
[WhiteElo "2312"]
[BlackElo "2400"]
[PlyCount "113"]
[EventDate "2007.??.??"]
[EventType "tourn (corr)"]
[EventRounds "6"]
[SourceTitle "Corr 2022"]
[Source "ChessBase"]
[SourceDate "2021.10.24"]
[SourceVersion "1"]
[SourceVersionDate "2021.10.24"]
[SourceQuality "1"]

1. c4 e5 2. Nc3 Nf6 3. g3 d5 4. cxd5 Nxd5 5. Bg2 Nb6 6. Nf3 Nc6 7. 0-0 Be7 8. a3 0-0 9. d3 Be6 10. b4 f6 11. Ne4 Qd7 12. Qc2 Rfd8 13. Bd2 Rac8 14. Rab1 Nd5 15. b5 Nb8 16. d4 exd4 17. Nxd4 Bf7 18. Nc5 Bxc5 19. Qxc5 b6 20. Qc2 c6 21. bxc6 Nxc6 22. Nxc6 Rxc6 23. Qb2 Rc4 24. Rfc1 Ne7 25. Rxc4 Bxc4 26. Bc3 Qa4 27. e3 Bd5 28. Qd2 Qd7 29. Rd1 Be6 30. Qxd7 Rxd7 31. Rxd7 Bxd7 32. e4 Bc6 33. f3 Ng6 34. Kf2 Ne5 35. Bf1 Kf7 36. Bd4 Ke6 37. Be2 Kd6 38. f4 Nd7 39. Ke3 Ke7 40. h4 g6 41. g4 h6 42. g5 hxg5 43. hxg5 fxg5 44. fxg5 Nc5 45. Bd1 Ne6 46. Bf6+ Kd6 47. e5+ Kc5 48. Bb3 Bd7 49. Be7+ Kb5 50. Bc2 Be8 51. Bd3+ Kc6 52. Be4+ Kd7 53. Bf6 Nc7 54. Kd4 Bf7 55. Bd3 Kc6 56. a4 Ne6+ 57. Kc3 1/2-1/2

[Event "FICGS W-ch st1 gN 01 email"]
[Site "FICGS email"]
[Date "2007.07.11"]
[Round "1"]
[White "Shulga, Yury"]
[Black "Sammut, Ronald"]
[Result "1-0"]
[WhiteElo "2400"]
[BlackElo "2359"]
[PlyCount "137"]
[EventDate "2007.??.??"]
[EventType "tourn (corr)"]
[EventRounds "6"]
[SourceTitle "Corr 2022"]
[Source "ChessBase"]
[SourceDate "2021.10.24"]
[SourceVersion "1"]
[SourceVersionDate "2021.10.24"]
[SourceQuality "1"]

1. e4 c5 2. Nf3 d6 3. d4 cxd4 4. Nxd4 Nf6 5. Nc3 a6 6. Be2 e5 7. Nb3 Be7 8. 0-0 0-0 9. Be3 Be6 10. Nd5 Nbd7 11. Qd3 Bxd5 12. exd5 Nc5 13. Qd2 Nfe4 14. Qb4 a5 15. Qb5 Qc7 16. Nxc5 dxc5 17. Rad1 Rfd8 18. a4 Nf6 19. Qb3 e4 20. f3 Bd6 21. f4 Re8 22. Kh1 Rac8 23. c4 Rcd8 24. Rde1 Re7 25. Qc3 Rde8 26. b3 b6 27. Rf2 Rf8 28. g4 Nd7 29. h4 f6 30. Ref1 h6 31. Qd2 Rff7 32. Rg2 Nf8 33. Bd1 f5 34. gxf5 Kh8 35. Bg4 Nd7 36. Bh3 Re8 37. Rg6 Nf8 38. Re6 Nxe6 39. fxe6 Rff8 40. Bg2 Qe7 41. Qe1 Rf6 42. Qg3 Bc7 43. Qg4 Bb8 44. Bd2 e3 45. Bxe3 Ref8 46. Be4 Bd6 47. Kg2 Qe8 48. Rf3 Kg8 49. Bd2 Qe7 50. Bg6 Kh8 51. f5 Ra8 52. Bc3 Raf8 53. Kh3 Bc7 54. Re3 Bd6 55. Be5 Bxe5 56. Rxe5 Rd8 57. Qg3 Kg8 58. Re1 Kf8 59. Rg1 Rd6 60. Bf7 Rxf7 61. exf7 Qf6 62. Qf4 Kxf7 63. Rg6 Qc3+ 64. Qg3 Qxg3+ 65. Rxg3 Rd7 66. Rg6 Rb7 67. Kg4 Re7 68. Re6 Rb7 69. Kf4 1-0

[Event "FICGS W-ch st1 gN 01 email"]
[Site "FICGS email"]
[Date "2007.07.11"]
[Round "1"]
[White "Shulga, Yury"]
[Black "Yunusov, Adkham"]
[Result "1/2-1/2"]
[WhiteElo "2400"]
[BlackElo "2394"]
[PlyCount "42"]
[EventDate "2007.??.??"]
[EventType "tourn (corr)"]
[EventRounds "6"]
[SourceTitle "Corr 2022"]
[Source "ChessBase"]
[SourceDate "2021.10.24"]
[SourceVersion "1"]
[SourceVersionDate "2021.10.24"]
[SourceQuality "1"]

1. e4 c5 2. Nf3 d6 3. d4 cxd4 4. Nxd4 Nf6 5. Nc3 g6 6. Be3 Bg7 7. f3 0-0 8. Qd2 Nc6 9. g4 Be6 10. 0-0-0 Nxd4 11. Bxd4 Qa5 12. a3 Rab8 13. h4 b5 14. Nd5 Qxd2+ 15. Rxd2 Bxd5 16. exd5 a5 17. Kb1 h5 18. Rg1 hxg4 19. fxg4 b4 20. a4 g5 21. Bxf6 Bxf6 1/2-1/2